| 000 | 00888cab a2200229 4500 | ||
|---|---|---|---|
| 001 | WB3520-09 | ||
| 008 | 090401t1999 xxu||||| |||| 00| 0 eng d | ||
| 035 | _a(Sirsi) u93636 | ||
| 041 | _aeng | ||
| 245 | _aVillagers win M5 noise compensation | ||
| 260 | _c1999 | ||
| 350 | _a0 | ||
| 490 |
_aBirmingham Post _v28 May 1999, 1(1) |
||
| 520 | _aThe Parliamentary Ombudsman has backed a complaint against the Highways Agency about increased noise due to widening of the M5 motorway. Villagers in Whittington may be eligible for compensation, and the Agency should consider putting a low-noise surface on the motorway. | ||
| 650 | _aCOMPENSATION | ||
| 650 | _aHIGHWAYS AGENCY | ||
| 650 | _aMOTORWAYS | ||
| 650 | _aNOISE POLLUTION | ||
| 690 | _aENVIRONMENTAL AND LAND CONSULTANCY-PLANNING AND DEVELOPMENT-COMPULSORY PURCHASE AND COMPENSATION | ||
| 942 | _n0 | ||
| 948 | _c28/05/1999 | ||
| 999 |
_c59347 _d59347 |
||